000 00596 a2200217 4500
001 066050
003 OSt
005 20210907162915.0
008
020 _a9878131200803
082 _a530.15
_bA35M
100 1 _aArfken, George B.
245 1 _aMathematical methods for physicists
_cby George B. Arfken and Hans J. Weber
250 _a6th ed.
260 _aNew York
_bElesiver
_c2010
300 _a1182p.
630 _aMathematics
690 _aMathematical physics; Mathematics; Mathematical analysis
700 _aWeber, Hans J.
942 _2ddc
_cBK
999 _c244
_d244